| 000 | 00000cam 2200000zi 4500 |
| 001 | 9.960784 |
| 003 | CaOODSP |
| 005 | 20260601145524 |
| 006 | m o d f |
| 007 | cr cn |||||||| |
| 008 | 260310e202603##onca o f000 0 eng d |
| 020 | |a9780660988856 |
| 040 | |aCaOODSP|beng|erda|cCaOODSP |
| 043 | |an-cn--- |
| 086 | 1 |aH14-679/2026E-PDF |
| 245 | 00|aEvaluation of concepts for a tobacco cessation in-person event : |bexperiential marketing campaign. |
| 264 | 1|aOttawa, Ontario : |bHealth Canada = Santé Canada, |cMarch 2026. |
| 264 | 4|c©2026 |
| 300 | |a1 online resource (78 pages) : |bllustrations |
| 336 | |atext|btxt|2rdacontent |
| 337 | |acomputer|bc|2rdamedia |
| 338 | |aonline resource|bcr|2rdacarrier |
| 500 | |aIssued also in French under title: Évaluation de concepts pour une campagne marketing d'un événement expérienciel en personne sur la cessation du tabac. |
| 500 | |a"Supplier Name: Quorus Consulting Group Inc." |
| 500 | |a"Contract #: CW2424489. " |
| 500 | |a"POR number: 044-25." |
| 650 | 0|aGovernment advertising|zCanada|xEvaluation. |
| 650 | 0|aTobacco use|zCanada|xPrevention. |
| 650 | 0|aSmoking cessation|zCanada|xEvaluation. |
| 710 | 1 |aCanada. |bHealth Canada, |eissuing body. |
| 710 | 2 |aQuorus Consulting Group, |econsultant. |
| 775 | 08|tÉvaluation de concepts pour une campagne marketing d'un événement expérienciel en personne sur la cessation du tabac.|w(CaOODSP)9.960783 |
| 856 | 40|qPDF|s2.29 MB|uhttps://publications.gc.ca/collections/collection_2026/sc-hc/H14-679-2026-eng.pdf |
| 856 | 4 |qHTML|sN/A|uhttps://epe.lac-bac.gc.ca/100/200/301/pwgsc-tpsgc/por-ef/health/2026/044-25-e/044-25_EN_Report.htm |